000 00388nam a2200133Ia 4500
008 151001s9999||||xx |||||||||||||| ||und||
100 _aनर्मदा इंदूरखा
245 _aब्याह का चक्कर
250 _a1
260 _bनर्मदा पुस्तक प्रकाशन
260 _c2008
300 _a16
365 _b21
999 _c992409
_d992406